[Event "VIE-ch U07"]
[Site "Ho Chi Minh City"]
[Date "2014.07.18"]
[Round "9"]
[White "Duong, Quoc Trung"]
[Black "Do, Dac Loc"]
[Result "1-0"]
[WhiteElo "1365"]
[BlackElo "1388"]
[PlyCount "44"]
[EventDate "2014.07.13"]
[EventType "swiss"]
[EventRounds "9"]
[EventCountry "VIE"]
[SourceTitle "EXT 2016"]
[Source "ChessBase"]
[SourceDate "2015.10.08"]
[SourceVersion "1"]
[SourceVersionDate "2015.10.08"]
[SourceQuality "1"]

1. e4 e5 2. Nf3 Nc6 3. Nc3 Nf6 4. Bc4 Bc5 5. 0-0 0-0 6. d3 h6 7. Ne2 d6 8. Ng3 d5 9. Bb3 dxe4 10. dxe4 Qxd1 11. Rxd1 Bg4 12. Rd3 Bxf3 13. Rxf3 Rad8 14. h3 Nd4 15. Rc3 Nxb3 16. axb3 Rd1+ 17. Kh2 Rfd8 18. Rxc5 Re1 19. Be3 Rxa1 20. Rc3 b6 21. Nf5 Rdd1 22. Rxc7 Kh7 1-0

[Event "VIE-ch U07"]
[Site "Ho Chi Minh City"]
[Date "2014.07.17"]
[Round "8"]
[White "Doan, Dang Khoa"]
[Black "Duong, Quoc Trung"]
[Result "1-0"]
[WhiteElo "1397"]
[BlackElo "1365"]
[PlyCount "48"]
[EventDate "2014.07.13"]
[EventType "swiss"]
[EventRounds "9"]
[EventCountry "VIE"]
[SourceTitle "EXT 2016"]
[Source "ChessBase"]
[SourceDate "2015.10.08"]
[SourceVersion "1"]
[SourceVersionDate "2015.10.08"]
[SourceQuality "1"]

1. e4 e5 2. Nf3 Nc6 3. Nc3 Nf6 4. Be2 Bc5 5. d3 h6 6. Be3 Bb6 7. 0-0 0-0 8. Nd5 d6 9. Nxf6+ Qxf6 10. c3 Be6 11. d4 exd4 12. Bxd4 Bxd4 13. Nxd4 Nxd4 14. cxd4 c5 15. d5 Bd7 16. Re1 Qxb2 17. Bh5 Qf6 18. Re3 Rfd8 19. Rf3 Qe5 20. Bxf7+ Kh8 21. Rb1 Bg4 22. Bg6 Bxf3 23. Qxf3 b6 24. h4 Rf8 1-0

[Event "VIE-ch U07"]
[Site "Ho Chi Minh City"]
[Date "2014.07.13"]
[Round "2"]
[White "Duong, Quoc Trung"]
[Black "Duong, Kien Khai"]
[Result "1-0"]
[WhiteElo "1365"]
[BlackElo "1401"]
[PlyCount "71"]
[EventDate "2014.07.13"]
[EventType "swiss"]
[EventRounds "9"]
[EventCountry "VIE"]
[SourceTitle "EXT 2016"]
[Source "ChessBase"]
[SourceDate "2015.10.08"]
[SourceVersion "1"]
[SourceVersionDate "2015.10.08"]
[SourceQuality "1"]

1. e4 e5 2. Nf3 Nc6 3. Bc4 Nf6 4. d3 Bc5 5. 0-0 0-0 6. Bg5 h6 7. Bxf6 Qxf6 8. Nc3 d6 9. h3 Qg6 10. Nh4 Qg5 11. Nf3 Qg6 12. Nh4 Qf6 13. Nf3 Nd4 14. Nd5 Qd8 15. Ne3 Nxf3+ 16. Qxf3 Bd7 17. Nf5 Bxf5 18. Qxf5 a5 19. Bd5 Ra7 20. Rad1 Bd4 21. c3 Bc5 22. d4 exd4 23. cxd4 Bb6 24. Rfe1 Qh4 25. Re3 c6 26. Bc4 c5 27. dxc5 Bxc5 28. Rf3 Qe7 29. Rg3 Qh4 30. Qg6 Bxf2+ 31. Kxf2 Qf4+ 32. Kg1 Qe5 33. b3 Qc5+ 34. Kh2 Qe5 35. Rd5 Qb2 36. Rh5 1-0